000 00650nam a22002177a 4500
999 _c286680
_d286680
001 517
003 UA-OsUOA
005 20200618134328.0
007 ta
008 20050606b un ||||| |||| 00| 0 ukr d
040 _aUA-OsUOA
_bukr
_cUA-OsUOA
_dUA-OsUOA
041 _aukr
080 _a657.4
090 _a657.4
_bО-61
245 _aОплата праці в бюджетних установах
_cУпорядн. О.В.Ситяшенко
260 _aК
_bОсвіта
_c2005
300 _a552 с.
650 7 _a657 Бухгалтерія. Бухгалтерський облік. Рахівництво
_2UDC
942 _cBK
_2udc
955 _a2